País | Filmografía | Director/a | % Correcto |
---|---|---|---|
España | •Mujeres al borde de un ataque de nervios •Todo sobre mi madre •Hable con ella | Pedro Almodóvar | 100%
|
Reino Unido | •Vértigo •Psicosis •North by Northwest | Alfred Hitchcock | 81%
|
Italia | •La Dolce Vita •8½
•La strada | Federico Fellini | 81%
|
Suecia | •El séptimo sello •Persona •Fanny y Alexander | Ingmar Bergman | 81%
|
Francia | •Los cuatrocientos golpes •Jules y Jim •Besos robados | François Truffaut | 63%
|
Grecia | •Colmillos •La langosta •La favorita | Yorgos Lanthimos | 56%
|
Rusia | •Stalker •Nostalgia •Solaris | Andréi Tarkovski | 50%
|
Austria | •El séptimo continente •La profesora de piano •Amour | Michael Haneke | 50%
|
Alemania | •Fitzcarraldo •Aguirre, la cólera de Dios •Nosferatu | Werner Herzog | 50%
|
Finlandia | •Sombras en el paraíso •El hombre sin pasado •Hojas de otoño | Aki Kaurismäki | 44%
|
Dinamarca | •La pasión de Juana de Arco •Ordet
•Vampyr | Carl Theodor Dreyer | 44%
|
Países bajos | •Bajos Instintos •Total Recall •Elle | Paul Verhoeven | 44%
|
Hungría | •Casablanca •Blanca navidad •Alma en suplicio | Michael Curtiz | 38%
|
Polonia | •Azul •Rojo •Blanco | Krzysztof Kieślowski | 31%
|
Serbia | •Underground •Gato negro, gato blanco •Tiempo de gitanos | Emir Kusturica | 25%
|
Irlanda | •Mi pie izquierdo •En el nombre del padre •Hermanos | Jim Sheridan | 19%
|
Bélgica | •Rosetta •El niño •El chico de la bicicleta | Hermanos Dardenne | 13%
|
Noruega | •Reprise •Oslo, 31 de agosto •La peor persona del mundo | Joachim Trier | 13%
|
Islandia | •Godland •Un blanco, blanco día •Winter Brothers | Hlynur Pálmason | 6%
|
Rumania | •4 meses, 3 semanas, 2 días •Más allá de las colinas •Graduación | Cristian Mungiu | 0%
|
Copyright H Brothers Inc, 2008–2024
Contáctenos | Regresar al principio de la página | Ver el sitio móvil